00422nam a2200157Ia 4500008004100000020001500041041001200056082001100068100001600079245007500095250000800170260004800178300000800226650001600234700001400250221030s9999 xx 000 0 und d a8122419569 aEnglish a105.23 aB. P. Singh 0aAdvanced Microprocessors & Microcontrollerscby B. P. Singh, S. K. Sen a2nd bNew Age International PubaNew Delhic2007 a522 aBE Computer aS. K. Sen